| 000 | 00935nas a2200313 4500 | ||
|---|---|---|---|
| 001 | BR2015004748 | ||
| 003 | BR-BrBNA | ||
| 005 | 20231205125630.0 | ||
| 007 | ta | ||
| 008 | 230509b bl.|||p| |||| 00| 00por d | ||
| 040 |
_aBR-BrBNA _bpor _cBiblioteca Nacional de Agricultura |
||
| 041 | _a(En) | ||
| 072 | _aP33 | ||
| 100 | 1 | _aMoraes, M.T. de | |
| 100 | 1 | _aSilva, V.R. da | |
| 100 | 1 | _aZwirtes, A.L. | |
| 100 | 1 | _aCarlesso, R. | |
| 245 | 1 | _aUse of penetrometers in agriculture: a review | |
| 650 | _aCOMPACTACAO DO SOLO | ||
| 650 | _aFISICA DO SOLO | ||
| 650 | _aQUALIDADE | ||
| 650 | _aINSTRUMENTO DE MEDIDA | ||
| 650 | _aANALISE DO SOLO | ||
| 650 | _aLEVANTAMENTO | ||
| 773 | 0 |
_tEngenharia Agrícola (Brazil) _xISSN 1809-4430 _g(Jan-Feb 2014), v. 34(1) p. 179-193 _wBR2015004748 |
|
| 856 | 4 | 0 | _uhttp://www.scielo.br/pdf/eagri/v34n1/v34n1a19.pdf |
| 909 |
_a202311 _bLúcia _c55 _dLúcia Elande |
||
| 942 |
_2AGRIS _n0 _cANA |
||
| 999 |
_c245289 _d245289 |
||